Statistiques concernant Personnages historiques commençant par un I-J-K.

Cliquez ici pour prendre le quiz!

Statistiques générales

  • Ce quiz a été pris 620 fois
  • Le résultat moyen est 7 sur 10

Statistiques - réponses

Réponse% Correct
John F. Kennedy
98%
Jésus Christ
96%
Martin Luther King
95%
Jules César
79%
Emmanuel Kant
76%
Jean Jaurès
57%
Ivan le Terrible
54%
Joseph Joffre
53%
Rudyard Kipling
50%
Nikita Khrouchtchev
46%

Distribution des résultats

Percentile par nombre de réponses

% des personnes avec chaque résultat

Votre développement - résultats

Vous n’avez pas pris ce quiz